Most streamed songs : System Of A Down - Statistics

General Stats
  • This quiz has been taken 112 times
  • The average score is 15 of 20
Answer Stats
Rank Number of streams Song Album % Correct
1. 1 556 934 653 Chop Suey! Toxicity
100%
2. 1 109 005 066 Toxicity Toxicity
99%
4. 652 165 853 B.Y.O.B. Mezmerize
97%
6. 326 955 213 Sugar System Of A Down
94%
5. 613 274 523 Aerials Toxicity
93%
7. 270 596 532 Hypnotize Hypnotize
90%
3. 713 257 361 Lonely Day Hypnotize
87%
11. 159 620 722 Prison Song Toxicity
77%
13. 158 488 814 Spiders System Of A Down
74%
9. 203 977 055 Radio - Video Mezmerize
73%
8. 221 551 306 Violent Pornography Mezmerize
73%
10. 184 734 423 ATWA Toxicity
70%
14. 155 186 160 I-E-A-I-A-I-O Steal This Album!
64%
12. 159 575 614 Cigaro Mezmerize
63%
17. 111 801 508 Deer Dance Toxicity
63%
15. 143 202 823 Lost In Hollywood Mezmerize
63%
16. 136 941 406 Question! Mezmerize
62%
20. 92 897 671 Suite-Pee System Of A Down
60%
18. 100 176 760 Soldier Side Hypnotize
45%
19. 95 698 149 Roulette Steal This Album!
38%
No matching quizzes found
Score Distribution
Percent of People with Each Score
Percentile by Number Answered
Your Score History
You have not taken this quiz